Al-tareekh al-hazari lil-qabail al-arbia bashbah al-jazeerah al-arbia (Record no. 1227431)

MARC details
000 -LEADER
fixed length control field 00655nam a2200229Ia 4500
005 - DATE AND TIME OF LATEST TRANSACTION
control field 20241129110130.0
008 - FIXED-LENGTH DATA ELEMENTS--GENERAL INFORMATION
fixed length control field 241129s9999||||xx |||||||||||||| ||und||
020 ## - INTERNATIONAL STANDARD BOOK NUMBER
International Standard Book Number 978-977-733-159-3
037 ## - SOURCE OF ACQUISITION
Stock number TB
040 ## - CATALOGING SOURCE
Original cataloging agency ARTS
Language of cataloging eng
Transcribing agency ARTS
041 ## - LANGUAGE CODE
Language code of text/sound track or separate title eng
Source of code ara
084 ## - COLON CLASSIFICATION NUMBER
Classification number V46 28Q8.1-.2
Assigning agency ARTS
100 ## - MAIN ENTRY--PERSONAL NAME
Personal name Sanjabi Mohammad Ahmad Au.
9 (RLIN) 727330
245 #0 - TITLE STATEMENT
Title Al-tareekh al-hazari lil-qabail al-arbia bashbah al-jazeerah al-arbia
Statement of responsibility, etc. Sanjabi Mohammad Ahmad Au.
260 ## - PUBLICATION, DISTRIBUTION, ETC.
Date of publication, distribution, etc. 2020
300 ## - PHYSICAL DESCRIPTION
Extent 311p.
365 ## - TRADE PRICE
Price type code INR
Price amount 1200
490 ## - SERIES STATEMENT
Volume/sequential designation V2
650 ## - SUBJECT ADDED ENTRY--TOPICAL TERM
Topical term or geographic name entry element History Arab
9 (RLIN) 727331
942 ## - ADDED ENTRY ELEMENTS (KOHA)
Koha item type Textbook
Classification part V46 28Q8.1-.2
Holdings
Withdrawn status Lost status Damaged status Not for loan Home library Current library Date acquired Source of acquisition Cost, normal purchase price Inventory number Total Checkouts Full call number Barcode Date last seen Price effective from Koha item type
        Arts Library Arts Library 2024-11-29 Nadwi Publications 1200.00 1722 & 27/01/2024   V46 28Q8.1-.2 AL1803465 2024-11-29 2024-11-29 Textbook
Copyright @ Delhi University Library System